The life of symbols
Αποθηκεύτηκε σε:
| Άλλοι συγγραφείς: | , |
|---|---|
| Μορφή: | Βιβλίο |
| Γλώσσα: | English |
| Δημοσίευση: |
Boulder :
Westview,
1990
|
| Θέματα: | |
| Ετικέτες: |
Προσθήκη ετικέτας
Δεν υπάρχουν, Καταχωρήστε ετικέτα πρώτοι!
|
MARC
| LEADER | 00000nam a2200000 i 4500 | ||
|---|---|---|---|
| 001 | 1/4176 | ||
| 008 | 960507s1990 eng d | ||
| 020 | |a 0-8133-7841-9 | ||
| 035 | |l 10015483 | ||
| 040 | |a GR-MY-UA |b gre |e aacr | ||
| 041 | 0 | |a eng | |
| 082 | 0 | |a 302.2 | |
| 245 | 1 | 4 | |a The life of symbols / |c Edited by Mary LeCron Foster; Lucy Jayne Botscharow |
| 260 | |a Boulder : |b Westview, |c 1990 | ||
| 300 | |a 318 p. |b ill. | ||
| 504 | |a Includes bibliographical references | ||
| 650 | 0 | 0 | |a Signs and symbols. |
| 650 | 0 | 0 | |a Prehistoric peoples. |
| 650 | 0 | 0 | |a Social evolution. |
| 700 | 1 | |a Foster, Mary LeCron |d 1914- |4 edt | |
| 700 | 1 | |a Botscharow, Lucy Jayne. |4 edt | |
| 852 | |a INST |b LESVOS |e 19960507 |h 302.2 LIF |p 005100010348 |q 005100010348 |t BK |y 0 | ||
| 909 | |a Λ |b 044062 | ||